000 00971nas a2200289 4500
001 BR2013001530
003 BR-BrBNA
005 20231205121955.0
007 ta
008 230509b bl.|||p| |||| 00| 00por d
040 _aBR-BrBNA
_bpor
_cBiblioteca Nacional de Agricultura
041 _a(Pt)
072 _aM12
100 1 _aSaboya, J.P. de S.
100 1 _aAraújo, G.S.
100 1 _aSilva, J.W.A. da
100 1 _aSousa Júnior, J. de
100 1 _aMaciel, R.L.
100 1 _aFarias, W.R.L.
245 1 _aEfeito dos polissacarídeos sulfatados da rodoficea Kappaphycus alvarezii em pós-larvas de tilápia do Nilo (Oreochromis niloticus)submetidas a situações de estresse
650 _aTILAPIA NILOTICA
650 _aALGA MARINHA
650 _aSTRESS
773 0 _tActa Scientiarum. Animal Sciences (Brazil)
_xISSN 1806-2636
_g(Jul-Sep 2012), v. 34(3) p. 215-221
_wBR2013001530
909 _a202311
_bLúcia
_c55
_dLúcia Elande
942 _2AGRIS
_n0
_cANA
999 _c226226
_d226226